Aux origines paysannes de la crise polonaise /

Saved in:
Bibliographic Details
Main Author: Szurek, Jean-Charles.
Format: Book
Language:French
Published: Le Paradou : [Paris] : Actes sud ; Diffusion, Presses universitaires de France, c1982.
Series:Ecrits et travaux du Groupe de sociologie rurale du CNRS.
Subjects:
Tags: Add Tag
No Tags, Be the first to tag this record!
LEADER 01329nam a2200325 a 4500
001 001097495-4
005 20020606090541.3
008 830630s1982 fr b b 00010 fre
010 |a  82246544  
020 |a 2903098425 :  |c 90.00F 
035 0 |a ocm09303133 
040 |a DLC  |c DLC 
043 |a e-pl--- 
050 0 0 |a HD1995.7.Z8  |b S98 1982 
100 1 |a Szurek, Jean-Charles. 
245 1 0 |a Aux origines paysannes de la crise polonaise /  |c par Jean-Charles Szurek. 
260 0 |a Le Paradou :  |b Actes sud ;  |a [Paris] :  |b Diffusion, Presses universitaires de France,  |c c1982. 
300 |a 178 p. :  |b map ;  |c 24 cm. 
490 1 |a Ecrits et travaux du Groupe de sociologie rurale du CNRS 
504 |a Bibliography: p. 162-[165] 
650 0 |a Agriculture and state  |z Poland  |x History  |y 20th century. 
650 0 |a Peasants  |z Poland  |x History  |y 20th century. 
651 0 |a Poland  |x Economic policy  |y 1945- 
651 0 |a Poland  |x Rural conditions. 
651 0 |a Poland  |x Economic policy  |y 1945-1981. 
655 7 |a History.  |2 fast 
776 0 8 |i Online version:  |a Szurek, Jean-Charles.  |t Aux origines paysannes de la crise polonaise.  |d Le Paradou : Actes sud ; [Paris] : Diffusion, Presses universitaires de France, ©1982  |w (OCoLC)559343150 
830 0 |a Ecrits et travaux du Groupe de sociologie rurale du CNRS. 
988 |a 20020608 
906 |0 DLC